000 00531nam a2200205Ia 4500
005 20250508160733.0
008 008 250505s9999 xx 000 0 eng d
037 _aTextual
040 _aFEDL
_beng
_cFEDL
041 _aeng
_2eng
084 _a150.195, FRO
_qFEDL
100 _aFromm Erich
245 0 _aCrisis of psychoanalysis
260 _aLondon, UK
_bJonathan Cape
_c1970
300 _a192p.
365 _aINR
_b59
650 _aPsychology
942 _cTEXL
_h150.195, FRO
999 _c1366322
_d1366322